000 00267nam a22001217a 4500
008 190305b xxu||||| |||| 00| 0 eng d
041 _aeng
080 _a710
100 _a45
101 _aART
245 _aThe Sporting Art Auction
_cPavilion, K.S
942 _2udc
_cBK
999 _c54457
_d54457